Mahamathikalum mahavishnuvum mahapathangalum(മഹാമതികളും മഹാവിഷ്ണുവും മഹാപഥങ്ങളും) (Record no. 115337)

MARC details
000 -LEADER
fixed length control field 00339 a2200097 4500
020 ## - INTERNATIONAL STANDARD BOOK NUMBER
International Standard Book Number 9789370981430
100 ## - MAIN ENTRY--PERSONAL NAME
Personal name K. Rajasekharan Nair
245 ## - TITLE STATEMENT
Title Mahamathikalum mahavishnuvum mahapathangalum(മഹാമതികളും മഹാവിഷ്ണുവും മഹാപഥങ്ങളും)
260 ## - PUBLICATION, DISTRIBUTION, ETC. (IMPRINT)
Name of publisher, distributor, etc D C books
Date of publication, distribution, etc 2025
942 ## - ADDED ENTRY ELEMENTS (KOHA)
Koha item type On order/under processing
Holdings
Withdrawn status Lost status Damaged status Not for loan Home library Current library Date acquired Source of acquisition Cost, normal purchase price Total Checkouts Barcode Date last seen Cost, replacement price Price effective from Koha item type
        University Library University Library 02/03/2026 275 240.01   00097421 02/03/2026 360.00 02/03/2026 On order/under processing
University Library, CUSAT